000 00882cam a2200253 a 4500
001 000004000
005 20200929150647.0
008 980916s1961 sp b 000 0 spa
040 _aDO-SdBNP
_bspa
_cBNPHU
041 1 7 _aspa
_hfre
082 _axx
_bxx
100 1 _aBernanos, Georges,
_d1888-1948.
_99890
240 1 0 _aJournal d'un curé de campagne.
_lEspañol
245 1 0 _aDiario de un cura rural /
_cGeorges Bernanos ; traductor, Jesús Ruíz y Ruíz ; editor, Luis de Caralt.
260 _aBarcelona :
_bLuis de Caralt,
_c1961.
300 _a252 p. ;
_c18 cm.
490 1 _aLibros Reno
_vno. 165
534 _aTítulo original:
_tJournal d'un curé de campagne.
650 4 _aNovela francesa
_91075
650 4 _aLiteratura francesa
_91074
700 1 _aCaralt, Luis de ;
_eed.
_99891
700 1 _aRuíz y Ruíz, Jesús,
_etr.
_99892
830 0 _aLibros Reno ;
_vno. 165
_99893
999 _c3819
_d3819